Earth transformed : introduction to the human impacts on the environment
Saved in:
| Main Author: | |
|---|---|
| Other Authors: | |
| Format: | Book |
| Language: | English |
| Published: |
Oxford :
Blackwell Publishers,
c1997
|
| Subjects: | |
| Tags: |
Add Tag
No Tags, Be the first to tag this record!
|
MARC
| LEADER | 00000nam a2200000 i 4500 | ||
|---|---|---|---|
| 001 | 1/24089 | ||
| 008 | 981126s1997 eng d | ||
| 020 | |a 0-631-19465-7 | ||
| 035 | |l 10037012 | ||
| 040 | |a GR-MY-UA |b gre |e aacr | ||
| 041 | 0 | |a eng | |
| 082 | 0 | |a 304.28 | |
| 100 | 1 | |a Goudie, Andrew. | |
| 245 | 1 | 0 | |a Earth transformed : |b introduction to the human impacts on the environment / |c Andrew Goudie and Heather Viles |
| 260 | |a Oxford : |b Blackwell Publishers, |c c1997 | ||
| 300 | |a 276 p. |b ill. | ||
| 504 | |a Includes bibliographical references and indexes | ||
| 650 | 0 | 0 | |a Nature |x Effect of human beings on. |
| 700 | 1 | |a Viles, Heather A. | |
| 852 | |a INST |b LESVOS |e 19981126 |h 304.2 GOU |p 005100018183 |q 005100018183 |t BK |y 0 | ||
| 901 | |a BIBL-1999-1 | ||
| 909 | |a Λ |b 060062 | ||
| 922 | |a 1ΕΛΗ |b 199810 |c ΚΠΣ/ΤΓ |d ΠΑΠΑΣΩΤΗΡΙΟΥ | ||
| 950 | |a 118-1998-07-21 | ||